Agharti-Shambhala : (Record no. 192652)

MARC details
000 -LEADER
campo de control de longitud fija 01160cam a2200313 i 4500
001 - NÚMERO DE CONTROL
campo de control 192652
003 - IDENTIFICADOR DE NÚMERO DE CONTROL
campo de control ES-MaACL
005 - FECHA Y HORA DE LA ÚLTIMA TRANSACCIÓN
campo de control 20240223063037.0
008 - DATOS DE LONGITUD FIJA--INFORMACIÓN GENERAL
campo de control de longitud fija 230508s2021 sp 000 0 spa d
020 ## - NÚMERO INTERNACIONAL ESTÁNDAR DEL LIBRO
Número Internacional Estándar del Libro 9788419042255
040 ## - FUENTE DE CATALOGACIÓN
Centro catalogador/agencia de origen S9M
Lengua de catalogación spa
Centro/agencia transcriptor ES-MaACL
Normas de descripción rda
080 ## - NÚMERO DE LA CLASIFICACIÓN DECIMAL UNIVERSAL
Número de la Clasificación Decimal Universal 398(235.24)
100 1# - ENTRADA PRINCIPAL--NOMBRE DE PERSONA
Nombre de persona González-Alcalde, Julio
Término indicativo de función/relación Autor
9 (RLIN) 176467
245 10 - MENCIÓN DEL TÍTULO
Título Agharti-Shambhala :
Resto del título viajeros hacia el país secreto del misterio /
Mención de responsabilidad, etc. Julio González-Alcalde
250 ## - MENCION DE EDICION
Mención de edición 1ª edición, noviembre de 2021
264 #1 - PRODUCCIÓN, PUBLICACIÓN, DISTRIBUCIÓN, FABRICACIÓN Y COPYRIGHT
Producción, publicación, distribución, fabricación y copyright Barcelona :
Nombre del de productor, editor, distribuidor, fabricante Autografía,
Fecha de producción, publicación, distribución, fabricación o copyright 2021
300 ## - DESCRIPCIÓN FÍSICA
Extensión 213 páginas :
Dimensiones ilustraciones (blanco y negro y color) ;
Otras características físicas 21 cm
500 ## - NOTA GENERAL
Nota general Índice
504 ## - NOTA DE BIBLIOGRAFÍA, ETC.
Nota de bibliografía, etc. Bibliografía: páginas 205-213
650 #0 - PUNTO DE ACCESO ADICIONAL DE MATERIA--TÉRMINO DE MATERIA
Término de materia o nombre geográfico como elemento de entrada Shambhala
9 (RLIN) 176469
650 #0 - PUNTO DE ACCESO ADICIONAL DE MATERIA--TÉRMINO DE MATERIA
Término de materia o nombre geográfico como elemento de entrada Leyendas-
Subdivisión geográfica Himalaya
9 (RLIN) 176470
650 #7 - PUNTO DE ACCESO ADICIONAL DE MATERIA--TÉRMINO DE MATERIA
Término de materia o nombre geográfico como elemento de entrada Misterios religiosos
9 (RLIN) 146558
651 #7 - PUNTO DE ACCESO ADICIONAL DE MATERIA--NOMBRE GEOGRÁFICO
Nombre geográfico Tíbet-
Subdivisión general Descripción
9 (RLIN) 158287
852 ## - LOCALIZACIÓN
Ubicación ES-MaACL
Sublocalización o colección R.153292
Ubicación en estantería Depósito J
Número de control de estantería N-8257
Anotaciones manuscritas Dedicatoria autógrafa del autor
Donativo/Legado Donación: Julio González-Alcalde
itemnumber 199951
903 ## - NOMBRE PERSONAL DE DONANTE
a González-Alcalde, Julio
e Donante
9 176467
942 ## - ELEMENTOS DE ENTRADA SECUNDARIOS (KOHA)
Tipo de ítem Koha Libro impreso
Suprimir en OPAC No
Holdings
Estatus retirado Estado de pérdida Fuente del sistema de clasificación o colocación Estado de daño No para préstamo Colección Biblioteca de origen Biblioteca actual Ubicación en estantería Fecha de adquisición Fuente de adquisición Número de control de estantería Total de préstamos Signatura topográfica completa Código de barras Visto por última vez Tipo de ítem Koha Nota pública
    Clasificación decimal universal     Libros con dedicatorias Biblioteca del Ateneo de Madrid Biblioteca del Ateneo de Madrid Depósito J 11/03/2022 Donación Ateneísta   N-8257 101205295 08/05/2023 Libro impreso Dedicatoria autógrafa del autor